Evaluación de la eficiencia docente: aproximaciones, indicadores, concordancias, procedimientos

Gespeichert in:
Bibliographische Detailangaben
1. Verfasser: Ahumada Acevedo, Pedro Antenor (VerfasserIn)
Format: Buch
Sprache:Spanisch
Veröffentlicht: Valparaíso Universidad Católica de Valparaíso 1992
Ausgabe:1a. ed
Schlagworte:
Tags: Tag hinzufügen
Keine Tags, Fügen Sie den ersten Tag hinzu!

MARC

LEADER 00000cam a2200000 a 4500
001 UCW7351
003 CL-VaPUC
008 921110e19920000CL |||||||||||||||||spa|d
082 0 4 |a 371.144  |b AHU  |2 21 
100 0 |a Ahumada Acevedo, Pedro Antenor  |e author  |9 312498 
245 1 0 |a Evaluación de la eficiencia docente: aproximaciones, indicadores, concordancias, procedimientos 
250 |a 1a. ed 
300 |a 111 p 
942 |c BK 
945 |d 19921110 00:00:00 
260 |a Valparaíso  |b Universidad Católica de Valparaíso  |c 1992 
650 0 |a Evaluación de la educación   |9 237505 
650 0 |a Calidad de la educación   |9 307271 
650 0 |a Formación profesional de profesores  |9 307493 
583 |a last modification  |c 20160711 04:03:48  |k Rodrigo Vera 
999 |c 220138  |d 220136 
952 |0 0  |1 0  |4 0  |6 371_144000000000000_AHU_1992  |7 0  |8 P  |9 211974  |a BIBEDU  |b BIBEDU  |c BIBEDU_PB  |d 2019-11-15  |i 2802015  |o 371.144 AHU 1992  |p 2802015  |r 2024-01-25  |w 2019-11-15  |y BK  |k EDU 
952 |0 0  |1 0  |4 0  |6 371_144000000000000_AHU_1992  |7 0  |8 P  |9 211975  |a BIBEDU  |b BIBEDU  |c BIBEDU_PB  |d 2019-11-15  |i 2802023  |o 371.144 AHU 1992  |p 2802023  |r 2024-01-25  |w 2019-11-15  |y BK  |k EDU 
952 |0 0  |1 0  |4 0  |6 371_144000000000000_AHU_1992  |7 0  |8 P  |9 211976  |a BIBEDU  |b BIBEDU  |c BIBEDU_PB  |d 2019-11-15  |i 2802031  |o 371.144 AHU 1992  |p 2802031  |r 2024-01-25  |w 2019-11-15  |y BK  |k EDU 
952 |0 0  |1 0  |4 0  |6 371_144000000000000_AHU_1992  |7 0  |8 P  |9 211977  |a BIBEDU  |b BIBEDU  |c BIBEDU_PB  |d 2019-11-15  |i 3226069  |o 371.144 AHU 1992  |p 3226069  |r 2024-01-25  |w 2019-11-15  |y BK  |k EDU 
952 |0 0  |1 2  |4 0  |6 371_144000000000000_AHU_1992  |7 0  |8 A  |9 211978  |a BIBTEO  |b BIBTEO  |d 2019-11-15  |i 2802007  |o 371.144 AHU 1992  |p 2802007  |r 2019-11-15  |w 2019-11-15  |x Descarte 2019  |y BK  |k ICR 
952 |0 0  |1 0  |4 0  |6 371_144000000000000_AHU_1992  |7 0  |8 A  |9 211979  |a BIBTEO  |b BIBTEO  |d 2019-11-15  |i 280204K  |o 371.144 AHU 1992  |p 280204K  |r 2025-01-17  |w 2019-11-15  |y BK  |k ICR 
952 |0 0  |1 0  |4 0  |6 371_144000000000000_AHU_1992  |7 0  |8 A  |9 211980  |a BIBHIS  |b BIBHIS  |d 2019-11-15  |i 4152395  |o 371.144 AHU 1992  |p 4152395  |r 2025-01-20  |w 2019-11-15  |y BK  |k HIS 
952 |0 0  |1 0  |4 0  |6 371_144000000000000_AHU_1992  |7 0  |8 X  |9 211982  |a FDOBUD  |b FDOBUD  |d 2019-11-15  |i 4686101  |o 371.144 AHU 1992  |p 4686101  |r 2019-11-15  |w 2019-11-15  |y BK_X  |k FHP 
952 |0 0  |1 0  |3 erb  |4 0  |6 371_144000000000000_AHU_1992  |7 0  |8 ED_SUP  |9 211984  |a BIBGIM  |b BIBGIM  |c S_PSTGRDO  |e Villagrán Garnham, Jorge  |i 5316634  |o 371.144 AHU 1992  |p 5316634  |r 2025-01-15  |w 2019-11-15  |y BK  |z Catalogado en:20160713  |k ESU